Man rediscovered; (Record no. 76241)

MARC details
000 -LEADER
fixed length control field 00823cam a22002531 4500
001 - CONTROL NUMBER
control field sa 67006926
003 - CONTROL NUMBER IDENTIFIER
control field DLC
005 - DATE AND TIME OF LATEST TRANSACTION
control field 20260227112411.0
008 - FIXED-LENGTH DATA ELEMENTS--GENERAL INFORMATION
fixed length control field 841020s1965 ii a b 000 0 eng
010 ## - LIBRARY OF CONGRESS CONTROL NUMBER
LC control number sa 67006926
025 ## - OVERSEAS ACQUISITION NUMBER
Overseas acquisition number PL480:I-E-6437
035 ## - SYSTEM CONTROL NUMBER
System control number (OCoLC)11288194
040 ## - CATALOGING SOURCE
Original cataloging agency DLC
Transcribing agency WU
Modifying agency DLC
042 ## - AUTHENTICATION CODE
Authentication code premarc
050 00 - LIBRARY OF CONGRESS CALL NUMBER
Classification number BD450
Item number .S54
100 1# - MAIN ENTRY--PERSONAL NAME
Personal name Sivashankar, N.
245 10 - TITLE STATEMENT
Title Man rediscovered;
Remainder of title a new approach to the nature of man; an attempt at a synthesis of ancient philosophies of religions and modern philosophies of science
Statement of responsibility, etc. [by] N. Sivashankar.
250 ## - EDITION STATEMENT
Edition statement [1st ed.]
260 ## - PUBLICATION, DISTRIBUTION, ETC.
Place of publication, distribution, etc. Trivandrum,
Name of publisher, distributor, etc. B. Sarada Amma
Date of publication, distribution, etc. [1965]
300 ## - PHYSICAL DESCRIPTION
Extent xxii, 258 p.
Other physical details illus.
Dimensions 23 cm.
504 ## - BIBLIOGRAPHY, ETC. NOTE
Bibliography, etc. note Bibliography: p. [251]-258.
650 #0 - SUBJECT ADDED ENTRY--TOPICAL TERM
Topical term or geographic name entry element Philosophical anthropology.
650 #0 - SUBJECT ADDED ENTRY--TOPICAL TERM
Topical term or geographic name entry element History
General subdivision Philosophy.

No items available.

Powered by Koha